ラブライブ!メンバーカラー名からスクールアイドル - Statistics

General Stats
  • This quiz has been taken 14 times
  • The average score is 30 of 60
Answer Stats
Hint Answer % Correct
みかん色 高海千歌
100%
園田海未
88%
ピンクゴールド 鐘嵐珠
83%
南ことり
75%
黄色 星空凛
75%
小泉花陽
75%
ピンク 矢澤にこ
75%
オニナッツピンク 鬼塚夏美
75%
西木野真姫
71%
おひさま色 日野下花帆
71%
瑠璃ピンク 大沢瑠璃乃
71%
水色 絢瀬絵里
67%
オレンジ 高坂穂乃果
63%
バイオレット 東條希
63%
翡翠 三船栞子
63%
プラチナシルバー ミア・テイラー
63%
氷青色 村野さやか
63%
いちばん星色 徒町小鈴
63%
さくら色 桜内梨子
57%
マーメイドグリーン 乙宗梢
57%
ボクの赤 夕霧綴理
57%
エメラルドグリーン 松浦果南
50%
レッド 黒澤ダイヤ
50%
ライトブルー 渡辺曜
50%
イエロー 国木田花丸
50%
ヴァイオレット 小原鞠莉
50%
パステルイエロー 中須かすみ
50%
超オレンジ 宮下愛
50%
すみれ色 近江彼方
50%
スカーレット 優木せつ菜
50%
ライトグリーン エマ・ヴェルデ
50%
メロングリーン 平安名すみれ
50%
ルージュ 米女メイ
50%
エンジェルホワイト 藤島慈
50%
シュガーパープル 安養寺姫芽
50%
ラッキーイエロー 高橋ポルカ
50%
ロイヤルブルー 朝香果林
43%
マリーゴールド 澁谷かのん
43%
サファイアブルー 葉月恋
43%
スワンブルー 春宮ゆくり
43%
オンリーパープル 調布のりこ
43%
オフホワイト 津島善子
38%
ベビーピンク 黒澤ルビィ
38%
ライトピンク 上原歩夢
38%
ライトブルー 桜坂しずく
38%
ペーパーホワイト 天王寺璃奈
38%
パステルブルー 唐可可
38%
ピーチピンク 嵐千砂都
38%
アイスグリーンホワイト 若菜四季
38%
スモーキーブルー 鬼塚冬毬
38%
天の原色 百生吟子
38%
ライズスカーレット セラス・柳田・リリエンフェルト
38%
ロジカルブルー 麻布麻衣
38%
紅牡丹 駒形花火
38%
エコグリーン 山田真緑
38%
ノイジーホワイト 佐々木翔音
38%
そよかぜ色 五桐玲
29%
メイズイエロー 桜小路きな子
25%
エレガントパープル ウィーン・マルガレーテ
25%
シュヴァリエグリーン 桂城泉
25%
ドリーミィピンク 金澤奇跡
25%
ローリーローズ 此花輝夜
25%
No matching quizzes found
Score Distribution
Percent of People with Each Score
Percentile by Number Answered
Your Score History
You have not taken this quiz